Comedias selectas

Kaydedildi:
Detaylı Bibliyografya
Yazar: Castro, Guillén de (Yazar)
Materyal Türü: Kitap
Dil:İspanyolca
Baskı/Yayın Bilgisi: Barcelona Iberia 1961
Seri Bilgileri:Obras Maestras
Konular:
Etiketler: Etiketle
Etiket eklenmemiş, İlk siz ekleyin!

MARC

LEADER 00000nam a2200000 a 4500
001 UCO5518
003 CL-VaPUC
008 000908e19610000SP |||||||||||||||||spa|d
082 0 4 |a 862  |b CAS  |2 21 
100 0 |a Castro, Guillén de  |e author  |9 450222 
245 1 0 |a Comedias selectas 
246 1 4 |a Las mocedades del cid 
246 1 3 |a EL conde Alarcos 
246 1 4 |a Los mal casados de Valencia 
300 |a 232 p 
942 |c BK 
945 |d 20000908 00:00:00  |a crobeson 
260 |a Barcelona  |b Iberia  |c 1961 
650 7 |a COMEDIAS ESPAÑOLAS  |2 CL-VaPUC  |9 450223 
650 0 |a Literatura española  |9 306261 
583 |a last modification  |c 20000908 00:00:00  |k Rodrigo Vera 
490 0 |a Obras Maestras 
999 |c 291375  |d 291373 
952 |0 0  |1 0  |4 0  |6 862_000000000000000_CAS_1961  |7 0  |8 A  |9 341199  |a BIBART  |b BIBART  |d 2019-11-20  |i 1221191  |o 862 CAS 1961  |p 1221191  |r 2025-03-13  |w 2019-11-20  |y BK  |k ART